Statistiques concernant Anatomie Bras

Cliquez ici pour prendre le quiz!

Statistiques générales

  • Ce quiz a été pris 11 fois
  • Le résultat moyen est 3 sur 11

Statistiques - réponses

HintRéponse% Correct
Coraco-Brachial insertionProcessus coracoide
82%
Triceps brachial terminaisonOlécrane
73%
Chef long bicepsTubercule supra-
glénoïdal
27%
Biceps brachial terminaisonTubérosité radiale
18%
Chef long tricepsBord axillaire scapula
9%
BrachialFace ant humérus
9%
Chef médial tricepsface post humerus
9%
Chef latéral tricpesface post humerus
9%
Chef court bicepsProcessus coracoïde scapula
9%
BrachialProcessus coronoïde ulna
9%
Coraco-Brachial terminaisonBord médiale humérus
0%

Distribution des résultats

Percentile par nombre de réponses

% des personnes avec chaque résultat

Votre développement - résultats

Vous n’avez pas pris ce quiz